Πέραν του κοσμοπολιτισμού
Αποθηκεύτηκε σε:
| Κύριος συγγραφέας: | |
|---|---|
| Άλλοι συγγραφείς: | |
| Μορφή: | Βιβλίο |
| Γλώσσα: | Greek French |
| Δημοσίευση: |
Αθήνα :
Κριτική,
2003.
|
| Σειρά: | Γλώσσα - Θεωρία - Πράξη ;
23 |
| Θέματα: | |
| Ετικέτες: |
Προσθήκη ετικέτας
Δεν υπάρχουν, Καταχωρήστε ετικέτα πρώτοι!
|
MARC
| LEADER | 00000cam a2200000 i 4500 | ||
|---|---|---|---|
| 001 | 1/79064 | ||
| 008 | 050621s2003 gr | ||| |||| ||gre|| | ||
| 020 | |a 9602183144 | ||
| 035 | |l 10078663 | ||
| 040 | |a GR-MyUA |b gre |e AACR2 | ||
| 041 | 1 | |a gre |h fre | |
| 082 | 0 | |a 320.011 |2 (22) | |
| 100 | 1 | |a Derrida, Jacques. | |
| 245 | 1 | 0 | |a Πέραν του κοσμοπολιτισμού / |c Jacques Derrida ; μετάφραση, σημειώσεις Βαγγέλης Μπιτσώρης. |
| 260 | |a Αθήνα : |b Κριτική, |c 2003. | ||
| 300 | |a 252 σ. ; |c 21 εκ. | ||
| 490 | 1 | |a (Γλώσσα-θεωρία-πράξη |v ; 23) | |
| 500 | |a Μετάφραση από τα γαλλικά | ||
| 500 | |a Τίτλος πρωτοτύπου: Le cosmopolitisme et au-dela. | ||
| 504 | |a Περιέχει βιβλιογραφία και λεξιλόγιο. | ||
| 650 | 0 | 0 | |a Refugees. |
| 650 | 0 | 0 | |a Asylum, Right of. |
| 650 | 0 | 0 | |a Cosmopolitanism. |
| 650 | 0 | 0 | |a Forgiveness. |
| 700 | 1 | |a Μπιτσώρης, Βαγγέλης, |e trl | |
| 830 | 0 | |a Γλώσσα - Θεωρία - Πράξη ; |v 23 | |
| 852 | |a INST |b LESVOS |e 20050621 |h 320.011 DER |p 005100032197 |q 005100032197 |t BK |y 0 | ||
| 901 | |a BIBL1-2005-2 | ||
| 909 | |a Λ |b 121042 | ||
| 920 | |a ΕΠΕΑΕΚ ΚΟΙΝΩΝΙΚΗΣ ΑΝΘΡΩΠΟΛΟΓΙΑΣ ΚΑΙ ΙΣΤΟΡΙΑΣ |y Λέσβος |z 2004-12 | ||
| 970 | |a ΚΑΡΑ |b ΓΙΑΣΕΜΗ |z 2005/06/21 | ||